Winston Churchill / (Record no. 127285)

MARC details
000 -LEADER
campo de control de longitud fija 00508nam a2200193 4500
001 - NÚMERO DE CONTROL
campo de control 127285
003 - IDENTIFICADOR DE NÚMERO DE CONTROL
campo de control ES-MaACL
005 - FECHA Y HORA DE LA ÚLTIMA TRANSACCIÓN
campo de control 20230906193001.0
007 - CAMPO FIJO DE DESCRIPCIÓN FÍSICA--INFORMACIÓN GENERAL
campo de control de longitud fija t|
008 - DATOS DE LONGITUD FIJA--INFORMACIÓN GENERAL
campo de control de longitud fija 070214m19501959sp r ||||1| spa d
100 1# - ENTRADA PRINCIPAL--NOMBRE DE PERSONA
Nombre de persona Rich, F. G.
9 (RLIN) 96899
245 10 - MENCIÓN DEL TÍTULO
Título Winston Churchill /
Mención de responsabilidad, etc. por F. G. Rich.
260 ## - PUBLICACIÓN, DISTRIBUCIÓN, ETC.
Lugar de publicación, distribución, etc. [S. l.] :
Nombre del editor, distribuidor, etc. Dolar,
Fecha de publicación, distribución, etc. [195_?]
300 ## - DESCRIPCIÓN FÍSICA
Extensión 158 p. :
Otras características físicas il. ;
Dimensiones 15 cm.
490 1# - MENCIÓN DE SERIE
Mención de serie Celebridades
830 0# - PUNTO DE ACCESO ADICIONAL DE SERIE-TÍTULO UNIFORME
Título uniforme Celebridades
9 (RLIN) 187422
852 ## - LOCALIZACIÓN
Ubicación ES-MaACL
Número de control de estantería D-8362
Sublocalización o colección R.32729
Holdings
Estatus retirado Estado de pérdida Estado de daño No para préstamo Biblioteca de origen Biblioteca actual Ubicación en estantería Fecha de adquisición Fuente de adquisición Total de préstamos Signatura topográfica completa Código de barras Visto por última vez Precio de reemplazo Tipo de ítem Koha
        Biblioteca del Ateneo de Madrid Biblioteca del Ateneo de Madrid Sala Valle Inclán 17/01/2008     D-8362 901132577 23/02/2023 23/02/2023 Libro impreso